| 000 | 00349nam a22001577a 4500 | ||
|---|---|---|---|
| 003 | OSt | ||
| 005 | 20211005111535.0 | ||
| 008 | 211005b |||||||| |||| 00| 0 eng d | ||
| 040 | _cHU | ||
| 082 | _a581 | ||
| 100 |
_aABSTRACTS _910093 |
||
| 245 | _aABSTRACTS Botanical Society of America | ||
| 260 | _c1988 | ||
| 300 | _a238 | ||
| 942 |
_2ddc _cBOOKS _n0 |
||
| 999 |
_c9405 _d9405 |
||